Insect order quiz - Statistics

General Stats
  • This quiz has been taken 55 times
  • The average score is 10 of 11
Answer Stats
Common Names Latin meaning Answer % Correct
Flies Two wings Diptera
100%
Butterflies and Moths Scale wings Lepidoptera
100%
Beetles Sheath wings Coleoptera
97%
True bugs Half wings Hemiptera
97%
Ants, bees and wasps Membrane wings Hymenoptera
97%
Dragonflies and Damselflies Toothed ones Odonata
97%
Earwigs Skin wings Dermaptera
94%
Cockroaches n/a Blattodea
92%
Grasshoppers and Crickets Straight wings Orthoptera
92%
Mayflies Lives for a day and has wings Ephemeroptera
83%
Springtails Sticky pegs/feet Collembola
64%
No matching quizzes found
Score Distribution
Percent of People with Each Score
Percentile by Number Answered
Your Score History
You have not taken this quiz